Capitals by Funny Picture Clues - Statistics

General Stats
  • This quiz has been taken 86 times
  • The average score is 5 of 15
Answer Stats
Picture Answer % Correct
Brussels
81%
Lima
56%
Victoria
56%
Wellington
51%
Panama
45%
Kingstown
44%
Bridgetown
34%
Berlin
23%
Paris
21%
Montevideo
18%
Stockholm
15%
Sofia
14%
Malé
7%
Bloemfontein
4%
Muscat
1%
No matching quizzes found
Score Distribution
Percent of People with Each Score
Percentile by Number Answered
Your Score History
You have not taken this quiz